000 00339nam a2200145Ia 4500
008 230718s9999 xx 000 0 und d
041 _aEng.
082 _a346.004
_bGHA-A
100 _aGhandi,B M
245 4 _aand specific relief act
260 _aPakistan
_bEastern book company
_c2010
300 _a498
650 _aLaw
999 _c30248
_d30248